অন্তরঙ্গ উচ্চারণ। (Record no. 4569)
[ view plain ]
| 000 -LEADER | |
|---|---|
| fixed length control field | 00547nam a2200145Ia 4500 |
| 008 - FIXED-LENGTH DATA ELEMENTS--GENERAL INFORMATION | |
| fixed length control field | 151213s9999 xx 000 0 und d |
| 100 ## - MAIN ENTRY--PERSONAL NAME | |
| Personal name | বেগম রাজিয়া হোসাইন। |
| 245 ## - TITLE STATEMENT | |
| Title | অন্তরঙ্গ উচ্চারণ। |
| Statement of responsibility, etc. | বেগম রাজিয়া হোসাইন। |
| 260 ## - PUBLICATION, DISTRIBUTION, ETC. (IMPRINT) | |
| Place of publication, distribution, etc. | ঢাকা |
| Name of publisher, distributor, etc. | মম প্রকাশ। |
| Date of publication, distribution, etc. | 2003 |
| 300 ## - PHYSICAL DESCRIPTION | |
| Extent | 8784 p. |
| 650 ## - SUBJECT ADDED ENTRY--TOPICAL TERM | |
| Topical term or geographic name as entry element | Bangla |
| 650 ## - SUBJECT ADDED ENTRY--TOPICAL TERM | |
| Topical term or geographic name as entry element | প্রবন্ধ |
| 700 ## - ADDED ENTRY--PERSONAL NAME | |
| Personal name | বেগম রাজিয়া হোসাইন। |
No items available.
